000
00267nam a22001217a 4500
008
180903b xxu||||| |||| 00| 0 eng d
041
_a
eng
080
_a
611
100
_a
6
101
_a
ANA
245
_a
Human Anatomy and Physiology
_c
Graaf, K.M
942
_2
udc
_c
BK
999
_c
47458
_d
47458